=LDR 00000nam 2200000 4500 =001 INLIS000000000062049 =005 20230427083759 =035 ##$$a 0010-0423000015 =007 ta =008 230427###########################0#ind## =100 ##$$a Abdurrahman bin Ali Al-'Arumi $e penulis$e Abdurrahman bin Ali Al-'Arumi $e penulis =245 ##$$a Mengenal 49 tanda orang-orang munafik dan cara mengobatinya /$c Abdurrahman bin Ali Al-'Arumi; penerjemah, Abdul Rosyad Shidiq =250 ##$$a Cetakan Pertama, Pebruari 2010 =300 ##$$a 148 halaman ; $c 21 cm =020 ##$$a 978-979-3036-88-5 =041 ##$$a ind =082 ##$$a 297.313 2 =084 ##$$a 297.313 2 ALA m =264 ##$$a Bekasi :$b Darul Falah,$c 2010 =336 ##$$a teks$2 rdacontent =337 ##$$a tanpa perantara$2 rdamedia =338 ##$$a volume$2 rdacarrier =650 #4$$a Munafik =700 #$$a Abdul Rosyad Shidiq$e penerjemah =740 ##$$a Alamatan Li Al-Munafiqun =990 ##$$a 5202300170